Horror Movie Franchises #14: Leprechaun - Statistics

General Stats
  • This quiz has been taken 35 times
  • The average score is 7 of 8
Answer Stats
Movie % Correct
Leprechaun
100%
Leprechaun 2
93%
Leprechaun 3
93%
Leprechaun 4: In Space
81%
Leprechaun In The Hood
81%
Leprechaun: Back 2 Tha Hood
78%
Leprechaun: Origins
74%
Leprechaun Returns
70%
No matching quizzes found
Score Distribution
Percent of People with Each Score
Percentile by Number Answered
Your Score History
You have not taken this quiz